A new look at the interactive writing classroom Methods, strategies, and activities to engage students
Ebook from IG Library
Guardado en:
| Autor principal: | |
|---|---|
| Formato: | Libro |
| Lenguaje: | Undetermined |
| Publicado: |
Rowman & Littlefield Publishers, Inc
2011
|
| Materias: | |
| Acceso en línea: | http://lrc.tdmu.edu.vn/opac/search/detail.asp?aID=2&ID=39507 |
| Etiquetas: |
Agregar Etiqueta
Sin Etiquetas, Sea el primero en etiquetar este registro!
|
| Thư viện lưu trữ: | Trung tâm Học liệu Trường Đại học Thủ Dầu Một |
|---|
| LEADER | 00784nam a2200193Ia 4500 | ||
|---|---|---|---|
| 001 | TDMU_39507 | ||
| 008 | 210410s9999 xx 000 0 und d | ||
| 082 | |a 371.94 | ||
| 100 | |a Stephen, Sharp | ||
| 245 | 2 | |a A new look at the interactive writing classroom | |
| 245 | 0 | |b Methods, strategies, and activities to engage students | |
| 245 | 0 | |c Sharp Stephen | |
| 260 | |b Rowman & Littlefield Publishers, Inc | ||
| 260 | |c 2011 | ||
| 300 | |a 225 Pages | ||
| 520 | |a Ebook from IG Library | ||
| 650 | |a Interactive writing classroom; Activities to engage students; Lớp học viết tương tác; Hoạt động thu hút sinh viên | ||
| 856 | |u http://lrc.tdmu.edu.vn/opac/search/detail.asp?aID=2&ID=39507 | ||
| 980 | |a Trung tâm Học liệu Trường Đại học Thủ Dầu Một | ||